| 000 | 01081nam a22003137a 4500 | ||
|---|---|---|---|
| 005 | 20141119111832.0 | ||
| 008 | 141119t1967 xxubo frb 001 0 eng d | ||
| 040 | _aEG-ScBUE | ||
| 041 | 1 |
_aeng _hfre |
|
| 043 | _aa-cc--- | ||
| 082 | 0 | 0 |
_222 _a335.4345 _bKAR |
| 100 | 1 |
_aKarol, K. S. _936601 |
|
| 240 | 1 | 0 |
_aChine de Mao. _lEnglish |
| 245 | 1 | 0 |
_aChina : _bthe other communism / _cby K. S. Karol ; Photographs by Marc Riboud ; Translated from the French by Tom Baistow. |
| 260 |
_aNew York, United States : _bHill and Wang, _cc.1967. |
||
| 300 |
_avi, 474 p. : _bmaps, photographs ; _c21 cm. |
||
| 500 | _aIndex : p. 457-474. | ||
| 500 | _aIncludes appendixes. | ||
| 504 | _aIncludes bibliographical references. | ||
| 546 | _aTranslated from French. | ||
| 650 | 0 |
_aCommunism _936604 _zChina |
|
| 650 | 0 |
_aChina _xPolitics and government |
|
| 650 | 0 |
_aChina _xIntellectual life |
|
| 653 |
_bGGEN _cNovember2014 |
||
| 655 |
_vreading book _934232 |
||
| 700 | 1 |
_aRiboud, Marc _ephotographer. _936602 |
|
| 700 | 1 |
_aBaistow, Tom _etranslator. _936603 |
|
| 942 |
_2ddc _k335.4345 KAR |
||
| 999 |
_c18648 _d18620 |
||